Estatísticas para Elementos da Tabela Periódica em 5 minutos.

Clique aqui para jogar o quiz

Estatísticas Gerais

  • Esse quiz foi jogado 1 807 vezes
  • A pontuação média é 66 de 118

Estatísticas das Respostas

#SímboloElemento% Correto
1HHidrogênio
97%
8OOxigênio
95%
2HeHélio
89%
6CCarbono
88%
11NaSódio
87%
7NNitrogênio
85%
79AuOuro
85%
19KPotássio
85%
29CuCobre
83%
26FeFerro
81%
9FFlúor
81%
3LiLítio
81%
12MgMagnésio
81%
47AgPrata
80%
5BBoro
79%
20CaCálcio
79%
17ClCloro
78%
16SEnxofre
77%
15PFósforo
77%
13AlAlumínio
75%
4BeBerílio
74%
88RaRádio
74%
18ArArgônio
71%
35BrBromo
71%
25MnManganês
71%
56BaBário
70%
10NeNeônio
70%
55CsCésio
68%
53IIodo
68%
30ZnZinco
68%
87FrFrâncio
67%
54XeXenônio
67%
80HgMercúrio
66%
14SiSilício
66%
92UUrânio
66%
27CoCobalto
65%
82PbChumbo
63%
31GaGálio
63%
28NiNíquel
63%
36KrCriptônio
61%
38SrEstrôncio
61%
37RbRubídio
61%
22TiTitânio
61%
49InÍndio
60%
78PtPlatina
60%
34SeSelênio
60%
23VVanádio
60%
50SnEstanho
59%
84PoPolônio
59%
74WTungstênio
59%
24CrCrômio
58%
33AsArsênio
57%
32GeGermânio
57%
86RnRadônio
57%
39YÍtrio
54%
21ScEscândio
53%
94PuPlutônio
53%
41NbNióbio
52%
104RfRutherfórdio
52%
52TeTelúrio
52%
40ZrZircônio
52%
85AtÁstato
51%
48CdCádmio
51%
45RhRódio
51%
46PdPaládio
50%
83BiBismuto
49%
58CeCério
49%
118OgOganessônio
49%
99EsEinstênio
48%
63EuEurópio
48%
77IrIrídio
48%
57LaLantânio
48%
44RuRutênio
48%
81TlTálio
48%
51SbAntimônio
47%
73TaTântalo
47%
69TmTúlio
46%
107BhBóhrio
45%
98CfCalifórnio
45%
42MoMolibdênio
45%
93NpNetúnio
45%
96CmCúrio
44%
75ReRênio
44%
95AmAmerício
43%
103LrLaurêncio
43%
101MdMendelévio
43%
43TcTecnécio
43%
89AcActínio
42%
70YbItérbio
42%
76OsÓsmio
42%
61PmPromécio
42%
117TsTenesso
42%
65TbTérbio
42%
72HfHáfnio
41%
71LuLutécio
41%
62SmSamário
41%
97BkBerquélio
40%
68ErÉrbio
40%
64GdGadolínio
40%
115McMoscóvio
40%
90ThTório
40%
108HsHássio
39%
116LvLivermório
39%
60NdNeodímio
39%
113NhNihônio
39%
59PrPraseodímio
39%
109MtMeitnério
38%
112CnCopernício
37%
100FmFérmio
37%
102NoNobélio
37%
91PaProtactínio
37%
110DsDarmstácio
36%
105DbDúbnio
36%
114FlFleróvio
36%
67HoHólmio
36%
111RgRoentgênio
36%
66DyDisprósio
35%
106SgSeabórgio
35%

Distribuição das Pontuações

Percentil de Números Respondidos

Porcentagem de Pessoas com Cada Pontuação

Sua Pontuação Histórica

Você não jogou esse quiz